[Event "Goodricke op 12th"]
[Site "Kolkata"]
[Date "2001.02.14"]
[Round "9"]
[White "Ghaem Maghami, Ehsan"]
[Black "Villamayor, Buenaventura"]
[Result "1-0"]
[WhiteElo "2504"]
[BlackElo "2560"]
[Annotator "Psakhis,L"]
[PlyCount "65"]
[EventDate "2001.02.06"]
[EventType "swiss"]
[EventRounds "11"]
[EventCountry "IND"]
[SourceTitle "CBM 082"]
[Source "ChessBase"]
[SourceDate "2001.05.17"]
[SourceVersion "1"]
[SourceVersionDate "2001.05.17"]
[SourceQuality "1"]

1. e4 e6 2. d4 d5 3. e5 c5 4. c3 Nc6 5. Nf3 Qb6 6. a3 c4 {This variation went
out of fashion in recent practice.} 7. Be2 Bd7 8. O-O Na5 9. Nbd2 O-O-O (9...
Ne7 10. Rb1 Qc7 11. Re1 Nc8 12. Ng5 h6 13. Nh3 Nb6 14. Bg4 Ba4 15. Qe2 O-O-O
16. Nf4 Re8 17. Nf1 Kb8 18. Nh5 $13 {0-1 Schelle,A-Stanec,N/Aschach op 1999 
(59)}) 10. Rb1 Kb8 (10... Ne7 $5) 11. Qc2 f6 12. Re1 Ne7 $146 (12... Be8 13. b4
cxb3 14. Nxb3 Ba4 15. Nfd2 fxe5 16. Qa2 Nxb3 17. Nxb3 Qc7 18. dxe5 Bxb3 19.
Qxb3 Bc5 20. Bg4 Re8 21. Bf3 Ne7 22. c4 Rhf8 23. Bg5 Bb6 24. cxd5 Nxd5 25. Bh4
Qc5 26. Rbc1 Qa5 27. Red1 {Stefansson,H-Socko,B/Cappelle le Grande op 1998/1/
2-1/2 (67)}) 13. exf6 gxf6 14. b3 $1 {Natural and good move.} cxb3 15. Nxb3
Nxb3 $6 ({After} 15... Ba4 $142 {white's task will be more difficult.}) 16.
Rxb3 Qc7 (16... Ba4 $2 17. Rxb6 Bxc2 18. Rxe6 $18) 17. Bb5 Nc6 18. c4 (18. Bxc6
Qxc6 (18... Bxc6 19. Rxe6 Ba4 20. Rxb7+ Qxb7 21. Qxa4 $16) 19. Bf4+ Ka8 20.
Reb1 Bc8 $13) 18... dxc4 $6 {Serious mistake} ({After} 18... Na5 $5 19. Rc3
dxc4 20. Bxd7 Qxd7 21. Qe4 Re8 22. Qf4+ {White could pretend just for small
advanatge.}) 19. Qxc4 $36 {[%csl Rb8,Re6][%cal Gb3b8,Gc4c6]} Bd6 20. Bd2 Rhg8 (
{Unfortunately for Black doesn;t work} 20... Nxd4 $2 {because of} 21. Nxd4 $1 (
21. Qxd4 Bxb5 22. Qxf6 (22. Rxb5 $2 Bxh2+) 22... Bc6 $132) (21. Qxc7+ Bxc7 22.
Nxd4 Bxb5 23. Rxb5 Rxd4 24. Bc3 Rd7 $11) 21... Bxh2+ (21... Bxb5 22. Qxb5) 22.
Kh1 Bxb5 23. Qxb5 Rxd4 24. Ba5 b6 25. Bxb6 $1 axb6 26. Qa6 {with winning attack
} Rd6 27. Reb1 Qa7 28. Rxb6+ Rxb6 29. Rxb6+ Ka8 30. Qb5 $18) 21. Ba6 {
Unfortunately for Black, the residence of his monarch isn't safe, which White
proves energetically} b6 22. Qc1 {[%cal Gb3c3]} (22. Rc1 $5) 22... Bc8 23. Bxc8
Qxc8 (23... Qg7 $5 24. g3 Rxc8 25. Qb1 $14) 24. Rc3 Kb7 25. Qc2 $1 {[%cal
Ge1c1,Gc2e4] Formally Black has material parity, but his pieces are useless
and cannot safe their king.} Qd7 26. Qe4 Rge8 27. Rec1 Rc8 28. g3 e5 (28... f5
$142 29. Qe2 $36) 29. dxe5 (29. Qd5 $5) 29... Bxe5 30. Rd3 (30. Nxe5 Rxe5 31.
Qf3 $16) 30... Qe7 (30... Qg7 $142) 31. Nxe5 fxe5 32. Bb4 $18 {[%csl Rb7,Ge4]
[%cal Rc1c8,Rd3d7] Game is over, Black just can't protect anymore night on c6.}
Qf7 (32... Qc7 33. Rd6) 33. Rd6 1-0

[Event "EU-ch 3rd"]
[Site "Batumi"]
[Date "2002.06.20"]
[Round "8"]
[White "Potkin, Vladimir"]
[Black "Asrian, Karen"]
[Result "1/2-1/2"]
[WhiteElo "2493"]
[BlackElo "2591"]
[Annotator "Psakhis,L"]
[PlyCount "45"]
[EventDate "2002.06.12"]
[EventType "swiss"]
[EventRounds "13"]
[EventCountry "GEO"]
[SourceTitle "CBM 090"]
[Source "ChessBase"]
[SourceDate "2002.09.20"]
[SourceVersion "1"]
[SourceVersionDate "2002.09.20"]
[SourceQuality "1"]

1. e4 e6 2. d4 d5 3. e5 c5 4. c3 Qb6 5. Nf3 Bd7 6. a3 cxd4 ({with possible
continuation} 6... Bb5 7. c4 $5 Bxc4 8. Bxc4 dxc4 9. d5 $13 {leads to more
complicated game.}) 7. cxd4 Bb5 8. Bxb5+ Qxb5 9. Nc3 Qd7 (9... Qa6 {is more
natural, but I suspect that after} 10. Ne2 Ne7 11. O-O {white's chances are
slightly better, for example} Ng6 12. Be3 Be7 13. Ne1 O-O 14. f4 f5 15. Nd3 Nd7
16. Nc5 Bxc5 17. dxc5 Rfc8 18. b4 $14 {1-0 Markarov,A-Riazantsev,A/St.
Petersburg Chigorin mem 2000/ (40)}) 10. O-O (10. b4 Ne7 11. O-O Nf5 12. g4 Ne7
13. Ne1 h5 14. h3 hxg4 15. hxg4 Ng6 16. f4 Qe7 17. Nf3 Nc6 {1-0 Diaz Castro,
S-Tenorio,J/Sevilla op 2001/Ajelibre (27)}) 10... Nc6 11. b4 Nge7 12. Qd3 Nc8
$146 {Typical plan. Asrian brings knight to b6 and takes under control
weaknesses in white's camp} (12... h6 13. Be3 Nc8 14. Nd2 a6 15. f4 g6 16. g4
N6e7 17. Bf2 h5 18. h3 b5 19. Nb3 hxg4 20. hxg4 Nb6 {1-0 Vujic,M-Osman,M/
Bucharest Autumn Cup-IM 2000/ (38)}) 13. Bd2 a6 (13... Nb6 14. b5 Ne7 15. a4
Nc4 {was also possible}) 14. Na4 $5 {[%cal Ga4c5] Interesting pawn sacrifice!}
Nxe5 (14... b5 15. Nc5 Bxc5 16. dxc5 N8e7 {was another option, but Asrian
plays in most principal way.}) 15. Nxe5 ({After} 15. dxe5 Qxa4 16. Be3 $1 Ne7
17. Nd4 $44 {[%csl Gd4][%cal Gf1c1] White could get long term compensation for
the pawn.}) 15... Qxa4 16. f4 $6 (16. Rac1 Bd6 17. Qg3 $36 {was, possibly
better alternative.}) 16... g6 {Most natural move, but after brave} (16... Nd6
$5 17. f5 f6 $1 {Black could get better chances, for example} (17... Nxf5 $2
18. Rxf5 exf5 19. Qxf5 $18 {[%csl Re8]}) 18. Ng4 Qb5 19. Qe3 Ne4 20. fxe6 Qb6
21. Nf2 Qxe6 22. Rae1 f5 $15) 17. f5 $1 {[%mdl 512] White can't waste time -
if Black manage to play Nd6, he,ll get just winning position} gxf5 18. Rxf5 $1
exf5 (18... Nd6 $5 19. Rf2 (19. Rxf7 $6 Nxf7 20. Nxf7 Kxf7 21. Qf3+ Ke8 (21...
Ke7 22. Bg5+ Kd7 23. Qf7+ $18) 22. Qf6 Qd7 23. Qxh8 (23. Re1 Rg8 24. Rxe6+ Be7
25. b5 a5 $1 $19) 23... Qg7 $1 24. Qxg7 Bxg7 25. Be3 Rc8 $15) 19... Bg7 20. Qg3
$36 {leads to unclear complications}) 19. Qxf5 {White got finally strong
attack, but paid big price for it!} Nd6 ({After} 19... Be7 {White have draw at
least -} 20. Qxf7+ Kd8 21. Qxd5+ Kc7 22. Rc1+ Kb8 ({too dangerous} 22... Kb6
23. Bg5 $1 Qb5 $8 24. Qe6+ Ka7 25. Bxe7 $14) 23. Nc6+ $1 bxc6 24. Bf4+ Bd6 (
24... Kb7 $4 25. Qd7+ Kb6 26. Qc7+ Kb5 27. Qb7+) 25. Bxd6+ Nxd6 26. Qxd6+ Kb7
27. Qe7+ $11) 20. Qf6 Qc2 (20... Bg7 21. Qxg7 O-O-O 22. Bf4 $40 {[%csl Rc8]}) (
20... Rg8 $2 21. Re1 Rc8 22. Bf4 $1 $18) 21. Nxf7 $1 Nxf7 22. Re1+ Qe4 $8 23.
Rxe4+ ({Maybe White still could play} 23. Rxe4+ dxe4 24. Bg5 $1 Nxg5 (24... Bd6
25. Qe6+ Kf8 26. Bh6+ Nxh6 27. Qxd6+ Kg7 28. Qe5+) 25. Qxh8 {but, it looks,
that after} a5 $5 $13 {Black will get enough counterplay.}) 1/2-1/2

[Event "SVK-ch"]
[Site "Kaskady"]
[Date "2002.07.01"]
[Round "5"]
[White "Movsesian, Sergei"]
[Black "Priehoda, Vitezslav"]
[Result "1-0"]
[WhiteElo "2624"]
[BlackElo "2425"]
[Annotator "Psakhis,L"]
[PlyCount "67"]
[EventDate "2002.06.27"]
[EventType "tourn"]
[EventRounds "11"]
[EventCountry "SVK"]
[EventCategory "12"]
[SourceTitle "CBM 090"]
[Source "ChessBase"]
[SourceDate "2002.09.20"]
[SourceVersion "1"]
[SourceVersionDate "2002.09.20"]
[SourceQuality "1"]

1. e4 {Bangiev} e6 2. d4 d5 3. e5 c5 4. c3 Nc6 5. Nf3 Qb6 6. Be2 Nh6 7. b3 cxd4
8. cxd4 Nf5 9. Bb2 Bb4+ ({It is not clear if Black needs to give this check,
because f1 is just a good place for white's king, and his R could be active
from h1. Worth considering is} 9... Bd7 $5 {and after, for example} 10. g4 (10.
O-O h5 $5) (10. h4 h5) 10... Nfe7 11. Nc3 h5 12. Na4 Qd8 13. g5 Ng6 14. Qd2 Rc8
15. Rc1 Bb4 16. Bc3 Ba3 $11 {0-1 Kupreichik,V-Kortchnoi,V/Muenster op 1996 (67)
Black got good position}) 10. Kf1 Be7 (10... O-O $5 11. g4 Nh6 12. Rg1 f6 13.
exf6 Rxf6 14. g5 Rxf3 15. gxh6 Rf7 $15 {0-1 Shianovsky,V-Kosikov,A/Kyiv-ch
2002 (41)}) 11. h4 {Bangiev: 'Ein wichtiger Zug im Plan des Weißen: er
bereitet g4 vor.'} (11. g4 {Bangiev} Nh4) 11... Qd8 {I don't see something
wrong with position of black's queen on b6.  Bangiev: 'Dies ist gegen g4
gerichtet.'} (11... Bd7 12. g3 (12. Nc3 Ncxd4 13. Nxd5 exd5 14. Nxd4 Nxd4 15.
Bxd4 Bc5 16. Bxc5 Qxc5 17. Rc1 Qa5 18. h5 h6 19. Bg4 Be6 20. Rh3 O-O 21. Kg1
Rac8 22. Bxe6 fxe6 23. a4 Qb4 24. Rxc8 Rxc8 25. Re3 Rc3 26. Qf3 d4 {Kosten,
A-Lputian,S/Altensteig 1989/0-1 (44)}) (12. g4 {Bangiev}) 12... O-O-O 13. Nc3
Kb8 14. Na4 Qa5 15. a3 f6 16. b4 Qc7 17. Rc1 a6 18. Kg2 {1-0 Saint_Pierre,
B-Mahabir,H/Quebec-chJ 1996 (34)}) (11... h5 12. Nc3 (12. Bd3 {Bangiev} Nb4)
12... Bd7 $5 $13 (12... O-O 13. Bd3 f6 14. Bxf5 exf5 15. Kg1 Be6 16. exf6 Bxf6
17. Ng5 $36 {0-1 Haag-Uhlmann,W/Balatonfured 1959 (49)}) 13. Na4 Qd8 14. g3 $5
Rc8 (14... O-O {Bangiev} 15. Kg2 f6 16. exf6 Bxf6 17. Nc5 $14) 15. Kg2 Nb4 16.
Nc3 g6 17. Qd2 Kf8 18. Rhc1 Kg7 19. Rab1 Na6 20. Bd3 Nh6 21. a3 Qb6 22. b4 Nc7
23. Qf4 $36 {1-0 Efimov,I-Nothnagel,H/Kecskemet 1990/(39)}) 12. h5 {Bangiev:
'Dies soll die Blockade auf h5 verhindern, den Vorstoß g4 ermöglichen.'} (12.
g4 $2 {Bangiev} Nxh4) 12... f6 {Bangiev: 'Schwarz möchte die f-Linie öffnen.
Man beachte den weißen König auf f1.'} 13. a3 {Bangiev: 'Offenbar steht der
Vorstoß g4 nicht mehr im Programm, sondern das Manöver Bd3 mit dem Ziel den
lästigen Springer f5 zu vertreiben bzw. zu tauschen. Der Grund dafür könnte z.
B. in den Ergebnissen der häuslichen Analyse zu sein. /\Bd3'} (13. g4 {Bangiev}
Nh6 14. exf6 Bxf6 15. Rg1 Nf7 $132) 13... fxe5 14. dxe5 O-O 15. Bd3 Bd7 16.
Nbd2 Qb6 {[%cal Ge7c5] Finally black's queen comes back and her position is ok,
nevertheless of losing two tempi. Bangiev: '/\Bc5'} 17. b4 {Bangiev: 'Schwarz
steht recht aktiv, soll die schwarzen Felder angreifen. Was ihm fehlt, das ist
die Möglichkeit den Läufer e7 aktiv ins Geschehen zu bringen.'} Ncd4 (17... a5
$5 18. b5 Ncd4 $132 19. a4 Bc5 $13) 18. Kg1 Nxf3+ (18... Bb5 $143 19. Bxb5 (19.
Bxd4 Nxd4 20. Bxb5 Nxb5 $11) (19. Nxd4 {Bangiev} Bxd3 20. N2b3 (20. N2f3 {
Bangiev} Be4) 20... Bc4 (20... Ba6 {Bangiev} 21. Qg4) 21. Rh3 $36) (19. Bxf5 {
Bangiev} Ne2+ 20. Kh2 Rxf5 $19) 19... Nxb5 20. Nb3 Rac8 21. Qd3 $14 {=}) 19.
Nxf3 a5 20. Nd4 {Bangiev: 'Ein Bauernopfer, für die Schwächung von Feldern e6
sowie f7 und die Verstärkung der Initiative des Anziehenden auf der Diagonale
a1-h8. Das Weiß unter eine Bedingung realisieren konnte, nämlich er sollte die
Initiative ergreifen, was momentan ist nicht der Fall ist.'} (20. Bxf5 {Bangiev
} Rxf5 21. Bd4 (21. Nd4 $6 {Bangiev} Rf7) 21... Qa6 $132) 20... axb4 21. Bxf5
exf5 (21... bxa3 $5 22. Bxh7+ Kxh7 23. Bc1 (23. h6 g6 $1) (23. Qd3+ {Bangiev}
Kg8 24. Bc3 Bg5 25. h6 Bxh6 26. Rxh6 $1 gxh6 27. Qg6+ Kh8 28. Qxh6+ Kg8 29.
Qg6+ Kh8 30. g3 $18 {/\Kg2}) 23... Ra4 24. Be3 Bc5 $132 {could be an good
choice, but text is stronger}) 22. axb4 (22. Qb3 Be6) 22... Qxb4 (22... Rxa1
$142 {Bangiev} 23. Qxa1 Bxb4 24. Qa2 $36) 23. Rb1 {'!?' Bangiev. Bangiev: 'Die
weißen Figuren wirken momentan auf der Diagonale a1-h8 gut zusammen. /\h6'} Ra2
24. Nc2 (24. Nxf5 $2 Bxf5 25. Qxd5+ Kh8 26. Qxa2 Bxb1 27. Qxb1 Bc5 $1 $19)
24... Qe4 {Bangiev: 'Die Initiative gehört offenbar dem Schwarzen.'} 25. h6 $5
Ba4 $1 (25... g6 $17) (25... f4 $5 26. hxg7 $140 Rf7) (25... g5 $5 {(Bangiev)
Weiß hatte hier nur die theoretischen Chancen den Bauern auf h6 auszunutzen, z.
B.} 26. Nd4 {/\e6} (26. Rh3 {Bangiev} Ba4) (26. Ne3 {Bangiev} Bc6) 26... Rc8 (
26... Ba4 {Bangiev} 27. Qc1 Qxe5 $6 28. Nc6) 27. Rh3 (27. e6 {Bangiev} Ba4 $17)
27... Ba4 28. Qd3 Bc2 (28... Rc2 {Bangiev} 29. Nxf5) 29. Qb5 Bxb1 30. Re3 Rxb2
$1 31. Qxb2 (31. Qd7 $2 {Bangiev} Rc1+ $19) 31... Qg4 32. Re1 Be4 $17) 26. hxg7
Rf7 $4 {[%mdl 8192] '?' Bangiev. Terrible mistake!  Bangiev: 'Ein Fehler kommt
bekanntlich selten allein.'} ({Black could win quite easy after simple} 26...
Rc8 $1 27. Qh5 (27. Rxh7 Kxh7 28. Qh5+ Kxg7 29. e6+ Rxb2 $1 30. Rxb2 Bxc2 31.
Qf7+ Kh6 $19) 27... f4 28. Qh3 Rc6 $19) 27. e6 $1 {'+/-!' Bangiev.} Rxg7 $2 {
One mistake always follows another!} (27... Qxe6 $8 {was enough to keep
balance, for example} 28. Qh5 h6 $8 29. Qxh6 Qxh6 30. Rxh6 Rxb2 $1 (30... Rxg7
{Bangiev} 31. Bxg7 Kxg7 32. Re6 Kf7 33. Nd4 $16) 31. Rxb2 Bf6 $13) 28. Bxg7 $18
Qxc2 (28... Bc5 $5) 29. Qxc2 Rxc2 (29... Bxc2 30. Rxb7) 30. Rxb7 Bd6 31. Bb2 $1
Re2 32. g3 d4 33. Rh5 Bc6 34. Rg5+ 1-0

[Event "BIH-chT"]
[Site "Neum"]
[Date "2002.06.05"]
[Round "5.2"]
[White "Savic, Miodrag R"]
[Black "Lputian, Smbat G"]
[Result "1/2-1/2"]
[WhiteElo "2498"]
[BlackElo "2634"]
[Annotator "Psakhis,L"]
[PlyCount "60"]
[EventDate "2002.06.02"]
[EventType "team"]
[EventRounds "9"]
[EventCountry "BIH"]
[SourceTitle "CBM 090"]
[Source "ChessBase"]
[SourceDate "2002.09.20"]
[SourceVersion "1"]
[SourceVersionDate "2002.09.20"]
[SourceQuality "1"]
[WhiteTeam "Sokolac"]
[BlackTeam "Kiseljak"]
[WhiteTeamCountry "BIH"]
[BlackTeamCountry "BIH"]

1. e4 e6 2. d4 d5 3. e5 c5 4. c3 Nc6 5. Nf3 Qb6 6. a3 Nh6 7. b4 cxd4 8. cxd4
Nf5 9. Bb2 Bd7 10. g4 Nh6 {Smbat Lputian has a great experierence in this
sharp line.} 11. Rg1 (11. h3 f6 12. exf6 gxf6 13. Nc3 a5 $6 14. b5 Na7 15. Rc1
Qd8 16. Bd3 Nf7 17. Qe2 Bh6 18. Rd1 $14 {1-0 Jonkman,H-Tiggelman,R/Vlissingen
op 2002/ (52)}) 11... f6 12. exf6 gxf6 13. Nc3 Nf7 {It is very difficult to
evaluate this position. White played the first part of the game very actively 
(maybe even too actively!) and got some advantage in space, but created many
pawn weaknesses.} 14. Na4 (14. b5 Ncd8 15. g5 fxg5 16. Nxg5 Rc8 17. h4 Nxg5 18.
hxg5 Bg7 19. Rg4 Nf7 20. Rc1 Qa5 21. Bd3 h5 {0-1 Bohak,I-Soederberg,K/
Henriksen mem 2000/ (30)}) ({One vy fresh example -} 14. Rc1 Bh6 15. Rc2 Ne7
16. h4 Bf4 $13 {1/2-1/2 Lautier,J-Bauer,C/FRA-ch Val d'Isere 2002 (23)}) 14...
Qc7 15. Rc1 Qf4 16. Rc3 $146 {Funny, but just this move is a new one.In famous
game Short,N-Lputian,S/EU t-ch Batumi 1999/CBM 74/ 1/2-1/2 (70) White managed
to get some advantage after} (16. Nc5 Bxc5 17. dxc5 (17. Rxc5 $5 Nd6 (17... e5
18. dxe5 (18. Rxd5 $4 Qe4+ $19) 18... Bxg4 19. Be2 fxe5 20. Qxd5 Rd8 21. Qc4
$36) 18. Bc1 Qe4+ 19. Be3 Qg6 20. Bd3 Qf7 $13) 17... Nce5 18. Nxe5 Nxe5 19. Rg3
$14 {but Black could easy find an improvment, for example worth of serious
attention is 17...e5!}) 16... Ng5 {[%csl Rd4]} 17. b5 ({In case of} 17. Nxg5
fxg5 18. Qf3 Bg7 $15 {White has already big troubles with the protection of
the d4-pawn.}) 17... Na5 18. Nxg5 fxg5 19. Bc1 (19. Qf3 Bg7 20. Qxf4 gxf4 21.
Rc1 Nb3 22. Rd1 Rc8 $15) 19... Qxh2 20. Rgg3 Bd6 ({Perhaps Black should have
considered} 20... Nc4 $5 21. Bxg5 $140 Rg8 22. Bf4 Bxb5 $15) 21. Rh3 (21. Rg2
Qh1) 21... Qg1 {Black queen came very deeply into enemy's camp!} 22. Qe2 O-O {
Better later than never!} (22... b6 $2 {[%csl Ra4] lose by force after} 23. Be3
{[%csl Rg1]} Nc4 (23... Bf4 24. Bxf4 gxf4 25. Qe5 $18) 24. Rxc4 Bxb5 25. Rc8+
Rxc8 26. Qxb5+ Kd8 27. Nxb6 $5 axb6 28. Bxg5+ Be7 29. Qxb6+ Kd7 30. Qb7+ Rc7
31. Qb5+ Kd8 32. Qb8+ Kd7 33. Qxh8 $18) 23. Be3 Nc4 $8 (23... Bf4 24. Bxf4 gxf4
25. Nc5 $16) 24. Rxc4 $1 Bxb5 25. f3 ({After} 25. Nb2 dxc4 26. f4 $8 c3 $1 27.
Qxb5 Qxg4 $17 {advantage of Black is obvious}) 25... Bxc4 26. Bxg1 Bxe2 27.
Bxe2 Bxa3 28. Be3 $13 e5 29. dxe5 Rae8 30. Bc5 ({Worth considering} 30. Rh5 $5
{for example} Rxe5 (30... h6 31. Rxh6 Rxe5 32. Bd4 $16) 31. Bd4 Rfe8 32. Bxe5
Rxe5 33. Kd1 d4 $1 $14) 30... Bxc5 {Queek, but sharp and interesting game} (
30... Bxc5 31. Nxc5 Kg7 32. Bd3 h6 $13) 1/2-1/2

[Event "Cannes masters k.o."]
[Site "Cannes"]
[Date "2000.02.19"]
[Round "1.1"]
[White "Prie, Eric"]
[Black "Mednis, Edmar John"]
[Result "1-0"]
[WhiteElo "2501"]
[BlackElo "2385"]
[Annotator "Psakhis,L"]
[PlyCount "78"]
[EventDate "2000.02.19"]
[EventType "k.o."]
[EventRounds "5"]
[EventCountry "FRA"]
[SourceTitle "CBM 076"]
[Source "ChessBase"]
[SourceDate "2000.05.31"]
[SourceVersion "1"]
[SourceVersionDate "2000.05.31"]
[SourceQuality "1"]

1. e4 c5 2. Nf3 Nc6 3. c3 e6 4. d4 d5 5. e5 Qb6 6. a3 c4 7. Nbd2 Na5 8. Be2 Bd7
9. O-O h6 10. Rb1 Ne7 11. Re1 O-O-O (11... Qc7 $5 {[%cal Ge7c8,Gc8b6,Gd7a4]}
12. Nf1 Nc8 13. Bf4 Nb6 14. Bg3 Ba4 15. Qc1 O-O-O 16. h4 Bb3 17. N3d2 Ba2 18.
Ra1 Bb3 19. h5 Be7 20. Ne3 Kb8 21. Rf1 Ka8 22. Qe1 Ba4 23. Kh1 g6 $13 {0-1
Haba,P-Naumkin,I/Cappelle le Grande op 1998 (75)}) 12. Nf1 (12. h4 Kb8 13. h5
Qc7 (13... Ka8 14. Qc2 Qc7 15. Bd1 Nc8 16. Nf1 Nb6 17. Bf4 Ba4 18. Qc1 Bb3 19.
N3d2 Bxd1 20. Qxd1 Qd7 21. Ne3 Rc8 22. Bg3 Be7 23. Qg4 Rhg8 24. Bh4 Bxh4 25.
Qxh4 Na4 26. f4 Rc6 $13 {Prie,E-Renet,O/Paris APSAP 1994/1-0 (54)}) 14. Qc2 Nc8
15. Nf1 Nb6 16. Bf4 Ba4 17. Qc1 Be7 18. Bg3 Bb3 19. N3d2 Ba4 20. Bd1 Qd7 21.
Bxa4 Qxa4 $11 {Marzolo,C-Masserey,Y/Cannes op 2000/0-1 (60)}) (12. Qc2 Kb8 13.
Bd1 Rc8 (13... Nc8 $5) 14. Nf1 Nb3 15. Bf4 Ka8 16. Ng3 Ba4 17. Qe2 Qb5 18. Nh5
Na5 19. Nd2 Rc7 20. g4 $1 Nc8 21. Bxa4 Qxa4 22. Nf1 Nb6 23. Bg3 $14 {1-0
Sveshnikov,E-Casper,T/Moscow II 1987/Inf 43 (38)}) 12... Kb8 $146 (12... Nb3
13. Be3 Ba4 14. N3d2 Nf5 15. Bg4 Be7 16. Nxb3 Bxb3 17. Qd2 Nxe3 18. fxe3 a5 {
1/2-1/2 Fressinet,L-Radjabov,T/WCh B18 Oropesa del Mar 1999 (26)}) ({Deserves
attention} 12... Qb3 13. h4 Ba4 {with good game, for example} 14. Qxb3 Bxb3 15.
Ne3 Nf5 16. g4 Nxe3 17. Bxe3 Bc2 18. Rbc1 Bh7 19. Nd2 f5 $11 {1/2-1/2
Beckemeyer,W-Reefschlaeger,H/BL 1986 (19)}) 13. Bf4 g5 $5 {Interesting move,but
} ({I would prefer} 13... Bb5 $5 {[%cal Gb6c6,Gb5a4]}) 14. Bg3 Nf5 15. Ne3 Ka8
(15... Nb3 $5) 16. Nd2 {[%cal Ge2h5]} Be7 (16... Nxg3 17. hxg3 $1 (17. fxg3 Bg7
18. Bh5 (18. Rf1 $6 Bxe5 $1) 18... f6 $1) 17... Bg7 18. Bh5 f6 $140 19. exf6
Bxf6 20. Ng4 Bg7 21. Nf3 $36 {[%csl Ge5]}) 17. Bh5 Rdf8 18. Nxf5 $1 exf5 19. f4
$14 {[%csl Ra5,Rd5,Gh5]} Be6 20. Nf1 $5 {[%cal Gf1e3,Ge3f5,Ge3d5]} Qc6 21. Ne3
Qd7 22. Rf1 f6 (22... g4 {little bit premature-} 23. h3 $1 gxh3 24. gxh3 Rhg8
25. Kh2 $16 {leads to white's advantage}) 23. exf6 Bxf6 24. Qe2 {[%cal Gb1e1]}
g4 ({Deserves attention} 24... Rh7 $5 25. Rbe1 Re7) 25. h3 gxh3 26. gxh3 Nc6
27. Kh2 Rhg8 28. Rg1 Rg7 29. Rbe1 {[%cal Re3c4,Re2e6]} Nd8 (29... Re7 $5) 30.
Nf1 {[%cal Gf1d2,Gd2f3,Gf3e5]} Bf7 31. Bxf7 Rgxf7 {With tough defence Mednis
managed to equalize chances} (31... Rfxf7 32. Qe8) 32. Nd2 Rg7 (32... Re7 33.
Qh5 {[%csl Rf5,Rh6]}) 33. Nf3 Rfg8 34. Bf2 (34. Bh4 $36) 34... Nf7 $6 {
Beggining of comedy of mistakes} ({After correct} 34... Rxg1 35. Rxg1 Rxg1 36.
Bxg1 Ne6 $11 {black's chances are not worse}) 35. Bh4 $2 ({Why not} 35. Qe6 $1
Qxe6 36. Rxe6 Rxg1 37. Bxg1 $16 {with clear advantage?}) 35... Bd8 $2 {Strange
move.} ({After} 35... Rxg1 36. Rxg1 Re8 37. Qc2 Bxh4 38. Nxh4 Nd6 $132 {
[%cal Gd6e4] Black doing well.}) 36. Rxg7 Rxg7 37. Ne5 $2 (37. Qe8 $16) 37...
Nxe5 38. fxe5 Bc7 $4 {It is really difficult to make comments to the last
moves.} (38... Bxh4 $19) 39. Kh1 Qe6 $13 1-0